Strategic human resource leader : how to prepare your organization for the six key trends shaping the future /
The need to seize the future. Examining the trends. Taking action...
Salvato in:
| Autore principale: | |
|---|---|
| Altri autori: | , |
| Natura: | Libro |
| Lingua: | English |
| Pubblicazione: |
Palo Alto, Calif. :
Davies-Black,
1998.
|
| Soggetti: | |
| Tags: |
Aggiungi Tag
Nessun Tag, puoi essere il primo ad aggiungerne! !
|
| Thư viện lưu trữ: | Mạng thư viện Đại học Đà Nẵng |
|---|
| LEADER | 01088cam a2200349 i 4500 | ||
|---|---|---|---|
| 001 | 000048235 | ||
| 003 | 7943 | ||
| 005 | 20030313153635.0 | ||
| 008 | 010320|1998 vm 000 eng | ||
| 020 | |a 0891061223 | ||
| 040 | |a IRC |c IRC |d IRC | ||
| 041 | 0 | |a eng | |
| 082 | 1 | 4 | |a 658.3 |b RO-W |
| 100 | 1 | |a Rothwell, William J., |d 1951- | |
| 245 | 0 | 0 | |a Strategic human resource leader : |b how to prepare your organization for the six key trends shaping the future / |c William J. Rothwell, Robert K. Prescott, Maria W. Taylor. |
| 260 | |a Palo Alto, Calif. : |b Davies-Black, |c 1998. | ||
| 300 | |a xxvii, 348 p. : |b ill. ; |c 23.5cm. | ||
| 520 | 3 | |a The need to seize the future. Examining the trends. Taking action... | |
| 630 | 0 | 4 | |a Personnel management. |
| 650 | 0 | 4 | |a Personnel management. |
| 700 | 1 | |a Prescott, Robert K. | |
| 700 | 1 | |a Taylor, Maria W. | |
| OWN | |a DUT | ||
| 999 | |a From the UDN01 | ||
| TYP | |a Monograph | ||
| TYP | |a Printed language | ||
| 980 | |a Mạng thư viện Đại học Đà Nẵng | ||


